| 000 | 00600nam a2200217 a 4500 | ||
|---|---|---|---|
| 999 |
_c3663 _d3663 |
||
| 001 | 3663 | ||
| 003 | BD-JhCC | ||
| 005 | 20171115204031.0 | ||
| 008 | 171115s1972 bg |||| |||| 000 0 ben d | ||
| 035 | _a(BD-JhCC)3663 | ||
| 040 |
_aBD-JhCC _dBD-JhCC |
||
| 041 | _aben | ||
| 082 |
_a891.4415 _bSAD 1972 |
||
| 100 | _aছদরুদদীন | ||
| 245 |
_aরক্তকণ্ঠ / _cছদরুদদীন. |
||
| 260 |
_aঢাকা : _bনওরোজ কিতাবিস্তান, _c1972. |
||
| 300 |
_a31 p. : _c22 cm. |
||
| 650 | _aBengali Poetry | ||
| 942 |
_2ddc _cBK |
||